| 000 | 00920nam a2200277 a 4500 | ||
|---|---|---|---|
| 001 | BRL_1586 | ||
| 005 | 20190320211256.0 | ||
| 008 | 190314s2006----mx-ab#####---#000-0#spa-# | ||
| 020 | _a9680302164 | ||
| 020 | _a9789680302161 | ||
| 041 | _aspaeng | ||
| 044 | _amx | ||
| 050 | 4 |
_aF802.E45 _b.M37 2006 |
|
| 100 | 1 |
_aMartínez, Eniac _d1959- _927367 |
|
| 245 | 1 | 0 |
_aCamino Real de Tierra Adentro _cEniac Martínez ; ilustraciones y mapa Dante Escalante. |
| 260 |
_aMéxico _bINAH _c2006 |
||
| 300 |
_a157 p. _bil., mapas _c18 cm. |
||
| 504 | _aIncluye referencias bibliográficas | ||
| 546 | _aTexto en : español e inglés | ||
| 650 | 1 | 4 |
_aCaminos _vTrabajos Ilustrados _zMéxico _927368 |
| 650 | 1 | 4 |
_aCaminos _vTrabajos Ilustrados _zTexas _927369 |
| 650 | 1 | 4 |
_aCaminos _vTrabajos Ilustrados _zNuevo México _927370 |
| 650 | 1 | 4 |
_aFotografía artística _92547 |
| 700 | 1 |
_aEscalante, Dante _eil. _927371 |
|
| 942 |
_2lcc _cB |
||
| 999 |
_c10395 _d10395 |
||